LEADER 01473nam a2200325 u 4500 001 000000009456 003 CaOOAMICUS 005 20070226105216.0 008 940516s1978 it u000 u ita u 035 $a10237474 040 $aPUL(R)$bita$dPUL(R) 041 1 $aita$hfre 100 1 $aPlè, Albert,$cO.P.$0(OLS)http://pul/name/9306 240 10$aFreud et la religion.$lItaliano.$0(OLS)http://pul/title/13878 245 10$aFreud e la religione /$cAlbert Plé ; scelta antologica e bibliografica a cura di Aurelio Rizzacasa. 260 $aRoma :$bCittà Nuova,$c1978. 300 $a210 p. ;$c18 cm 490 1 $aIdee ;$v31 500 $asulla coperta: il complesso problema dei rapporti fra religione e psicoanalisi attraverso una lettura critica diretta degli scritti di Freud. 504 $aBibliografia: p. [77]-98 600 14$aFreud, Sigmund,$d1856-1939$xCritica e interpretazione.$0(OLS)http://pul/subject/7836 700 1 $aVigone, Luciana.$0(OLS)http://pul/name/9351 700 1 $aRizzacasa, Aurelio,$d1940-$0(OLS)http://pul/name/9307 830 0$aIdee ;$v31.$0(OLS)http://pul/title/622 850 $aPUL 852 $aPUL$W1$xSL Filosofia 2$y80$mPhil A15 31$j13409$nBK-PRI$b $qStampati altre collocazioni$B13409$CPULBib$Z2$F13409 $H $81 941 1 $a10 961 $aINV: 57485 996 $6245$aFreud e la religione$9(OLS)http://pul/title/13879 996 $6260$aRoma :$bCittà Nuova$9(OLS)http://pul/publisher/47927 LEADER 01187nam a2200265 u 4500 001 000000058624 003 CaOOAMICUS 005 20070226120719.0 008 010611s1968 it u000 u ita u 035 $a10892001 040 $aPUL(R)$bita 245 00$aOsiamo dire :$bpreghiere per i giovani e le famiglie /$ca cura di Franco Barbero e con la collaborazione di Carlo Badariotti e Gustavo Beux. 260 $aTorino :$bGribaudi,$c1968. 300 $a185 p. ;$c18 cm 490 1 $aBiblioteca della gioventù ;$v25 650 4$aPreghiera.$0(OLS)http://pul/subject/997 700 1 $aBarbero, Franco.$0(OLS)http://pul/name/40641 700 1 $aBeux, Gustavo.$0(OLS)http://pul/name/40643 700 1 $aBadariotti, Carlo.$0(OLS)http://pul/name/40642 830 0$aBiblioteca della gioventù ;$v25.$0(OLS)http://pul/title/63047 850 $aPUL 852 $aPUL$W1$xDP1 Altre Collocazioni$y17$mSenza collocazione$j12$nBK-PRI$b $qStampati$B76571$CPULBib$Z2$F76571 $H $81 941 1 $a8 996 $6245$aOsiamo dire :$bpreghiere per i giovani e le famiglie$9(OLS)http://pul/title/78536 996 $6260$aTorino :$bGribaudi$9(OLS)http://pul/publisher/58305